[Event "Eastern Asia-ch U10"]
[Site "Tornelo INT"]
[Date "2021.10.31"]
[Round "7"]
[White "Darshan, S."]
[Black "Prabhman, Singh Malhotra"]
[Result "1-0"]
[WhiteElo "1466"]
[BlackElo "1100"]
[PlyCount "169"]
[EventDate "2021.10.29"]
[EventType "swiss"]
[EventRounds "9"]
[EventCountry "NET"]
[SourceTitle "EXT 2023"]
[Source "ChessBase"]
[SourceDate "2022.10.05"]
[SourceVersion "1"]
[SourceVersionDate "2022.10.05"]
[SourceQuality "1"]

1. e4 c6 2. d4 d5 3. exd5 cxd5 4. Nf3 Nc6 5. Be3 Nf6 6. c3 Bg4 7. h3 Bh5 8. Nbd2 e6 9. g4 Bg6 10. Nh4 Be7 11. Nxg6 hxg6 12. Bg2 Bd6 13. Rf1 Qd7 14. Qf3 0-0-0 15. 0-0-0 Kb8 16. Nb3 Rc8 17. Qe2 Nb4 18. Nc5 Bxc5 19. dxc5 Nc6 20. Bf4+ Ka8 21. Rfe1 Rhd8 22. b4 Re8 23. g5 Nh5 24. Bh2 b6 25. b5 Na5 26. c6 Qe7 27. Bxd5 Qxg5+ 28. Kc2 Nf6 29. Bh1 a6 30. c7+ Ka7 31. a4 Qf5+ 32. Qd3 Qxf2+ 33. Re2 Qc5 34. Bd6 Qc4 35. Qxc4 Nxc4 36. Bh2 e5 37. Bc6 Re7 38. Rd8 Rexc7 39. Rxc8 Rxc8 40. Bxe5 Nxe5 41. Rxe5 Rc7 42. c4 axb5 43. axb5 Kb8 44. Re2 Kc8 45. Kb3 Kd8 46. Ra2 Ke7 47. Ra6 Kd6 48. Rxb6 Kc5 49. Rb8 Re7 50. Rc8 Re3+ 51. Ka4 Kb6 52. Kb4 Ne4 53. Rb8+ Kc7 54. Rb7+ Kc8 55. Rxf7 Nd2 56. Rxg7 Rb3+ 57. Kc5 Kd8 58. Rxg6 Rxh3 59. Rd6+ Kc7 60. Rxd2 Rh5+ 61. Kb4 Rh4 62. Rd7+ Kc8 63. Rg7 Rh6 64. Kc5 Rh5+ 65. Kb6 Kd8 66. c5 Rh6 67. Rg8+ Ke7 68. Kc7 Kf7 69. Ra8 Kg7 70. b6 Kh7 71. b7 Kg7 72. b8Q Kf6 73. Qf8+ Kg5 74. Qg7+ Rg6 75. Qe5+ Kg4 76. Ra4+ Kh3 77. Bd7+ Kg2 78. Qe4+ Kg1 79. Ra1+ Kh2 80. Rh1+ Kg3 81. Rh3+ Kf2 82. Qe3+ Kf1 83. Rf3+ Kg2 84. Qf2+ Kh1 85. Rh3# 1-0